| 000 | 00798nam a2200229 i 4500 | ||
|---|---|---|---|
| 001 | 9246 | ||
| 003 | ES-MaACL | ||
| 005 | 20230906145633.0 | ||
| 008 | 930526s1992 sp ||||1| spa d | ||
| 020 | _a84-376-1070-2 | ||
| 080 | _a821.111-31"18" | ||
| 100 | 1 |
_aDickens, Charles. _944489 |
|
| 245 | 1 | 0 |
_aTiempos difíciles para estos tiempos / _cCharles Dickens ; edición de Fernando Galván ; traducción de Amando Lázaro Ros, revisada y corregida por Fernando Galván. |
| 260 |
_aMadrid : _bCátedra, _c[1992] |
||
| 300 |
_a447 p. : _b1 retr. autor ; _c18 cm. |
||
| 490 | 1 |
_aLetras universales ; _v170 |
|
| 700 | 1 |
_aGalván, Fernando. _953685 |
|
| 700 | 1 |
_aLázaro Ros, Amando. _970807 |
|
| 830 | 1 |
_aLetras universales ; _v170 _9178013 |
|
| 852 | 4 |
_aES-MaACL _jL-16745 |
|
| 999 |
_c9246 _d9246 |
||